000 00302nam a22001217a 4500
008 160428b xxu||||| |||| 00| 0 eng d
020 _a9781416001683
020 _a1416001689
041 _aeng
080 _a618.2
245 _aLeadership and nursing care management:
_cDiane L. Huber;
942 _2udc
_cBK
999 _c1648
_d1648